LEADER 01621nam a2200313 i 4500 001 000000173779 003 CaOOAMICUS 005 20090204000000.0 008 090204s2008 it u000 u ita u 013 $a151233 020 $a978-88-311-0161-5 040 $aSeMil$bita 100 1 $aBruni, Luigino,$d<1966- >.$0(OLS)http://semarc/name/5214 245 10$aBenedetta economia :$bBenedetto di Norcia e Francesco d'Assisi nella storia economica europea /$cLuigino Bruni, Alessandra Smerilli ; prefazione di Stefano Zamagni. 260 $aRoma :$bCittà Nuova,$c2008. 300 $a118 p. ;$c20 cm. 490 0 $aIdee. Economia ;$v4 650 4$aEconomia - Concezione cristiana.$0(OLS)http://semarc/subject/5356 650 4$aBenedetto : da Norcia - Pensiero economico.$0(OLS)http://semarc/subject/33114 650 4$aFrancesco : d'Assisi - Pensiero economico.$0(OLS)http://semarc/subject/33115 700 1 $aZamagni, Stefano,$d<1943- >.$0(OLS)http://semarc/name/18841 700 1 $aSmerilli, Alessandra,$c.$0(OLS)http://semarc/name/64915 830 0$aIdee. Economia ;$v4.$0(OLS)http://semarc/title/23587 850 $aSeMil 852 $aSeMil$W1$xVenegono$y1$m3M I 201$j124624$B124624$CSeMilBibl$Z2$F141090 $81 961 $aAcquisto: Città Nuova (Agente) 996 $6020$a978-88-311-0161-5$9(OLS)http://semarc/number/161533 996 $6245$aBenedetta economia :$bBenedetto di Norcia e Francesco d'Assisi nella storia economica europea$9(OLS)http://semarc/title/249019 996 $6260$aRoma :$bCittà Nuova$9(OLS)http://semarc/publisher/29609 LEADER 01086nam a2200265 i 4500 001 000000039070 003 CaOOAMICUS 005 20090330000000.0 008 090330s1991 it u000 u ita u 013 $a9769 020 $a88-343-2532-X 040 $aSeMil$bita 100 1 $aAcerbi, Antonio <1935-2004>.$0(OLS)http://semarc/name/15858 245 10$aChiesa e democrazia :$bda Leone 13. al Vaticano 2. /$cAntonio Acerbi. 260 $aMilano :$bVita e Pensiero,$c1991. 300 $aIX, 350 p. ;$c23 cm. 490 0 $aCultura e storia ;$v3 650 4$aChiesa cattolica - Dottrina sociale.$0(OLS)http://semarc/subject/330 830 0$aCultura e storia ;$v3.$0(OLS)http://semarc/title/6933 850 $aSeMil 852 $aSeMil$W1$xVenegono$y1$m3A III 200$j5225$B5225$CSeMilBibl$Z2$F5225 $81 961 $aAcquisto: Distributore 996 $6020$a88-343-2532-X$9(OLS)http://semarc/number/8614 996 $6245$aChiesa e democrazia :$bda Leone 13. al Vaticano 2.$9(OLS)http://semarc/title/55446 996 $6260$aMilano :$bVita e Pensiero$9(OLS)http://semarc/publisher/29642